Optionen, einen Golfclub profitabel zu führen

Bibliográfiai részletek
Szerző: Gáspár Nóra
További közreműködők: Csekő Dr. Katalin
Dokumentumtípus: Diplomadolgozat
Kulcsszavak:golf
Online Access:http://dolgozattar.uni-bge.hu/7487

MARC

LEADER 00000nta a2200000 i 4500
001 dolg7487
005 20160531161840.0
008 160531suuuu hu om 000 ger d
040 |a BGE Dolgozattár Repozitórium  |b hun 
041 |a de 
100 1 |a Gáspár Nóra 
245 1 0 |a Optionen, einen Golfclub profitabel zu führen  |c Gáspár Nóra  |h [elektronikus dokumentum] 
246 1 1 |a Opciók, egy golfklub nyereségessé tételére 
695 |a golf 
700 1 |a Csekő Dr. Katalin  |e ths 
856 4 0 |u http://dolgozattar.uni-bge.hu/7487/1/G%C3%A1sp%C3%A1r%20N%C3%B3ra%20k%C3%A9sz.pdf  |z Dokumentum-elérés